[Event "DSOL 05 Liga Gr-A 1st"]
[Site "Playchess.com INT"]
[Date "2020.07.30"]
[Round "6.2"]
[White "Viet, Silas"]
[Black "Szech, Sebastian"]
[Result "0-1"]
[WhiteElo "1808"]
[BlackElo "1757"]
[PlyCount "114"]
[EventDate "2020.06.22"]
[EventType "team-tourn (rapid)"]
[EventCountry "GER"]
[SourceTitle "EXT 2021"]
[Source "ChessBase"]
[SourceDate "2020.10.23"]
[SourceVersion "1"]
[SourceVersionDate "2020.10.23"]
[SourceQuality "1"]
[WhiteTeam "Horn Eiche"]
[BlackTeam "Hamburg Lurup"]
[WhiteTeamCountry "GER"]
[BlackTeamCountry "GER"]

1. d4 d5 2. Bf4 Nf6 3. e3 c5 4. Nc3 a6 5. Nf3 Nc6 6. Be2 e6 7. 0-0 Be7 8. a4 0-0 9. Ne5 Bd7 10. dxc5 Bxc5 11. Bd3 Bd6 12. Nxc6 Bxc6 13. Bg5 Be7 14. a5 h6 15. Bh4 Rc8 16. Bg3 Qd7 17. Ne2 Bb5 18. Nd4 Bxd3 19. cxd3 Rfe8 20. Qb3 Nh5 21. Be5 f6 22. Bg3 Nxg3 23. hxg3 Kf8 24. Rfc1 Kf7 25. Rc3 Rc7 26. Rac1 Rec8 27. Qb6 Rxc3 28. bxc3 e5 29. Ne2 Bd8 30. Qb4 Be7 31. Qb3 Rc7 32. e4 Rc5 33. Ra1 Rb5 34. Qa2 Bd8 35. c4 Rxa5 36. Qb2 Rxa1+ 37. Qxa1 dxc4 38. dxc4 Bb6 39. Nc3 Bd4 40. Qd1 Qc6 41. Nd5 Qxc4 42. Qh5+ Kf8 43. Qf5 Qc6 44. Qh7 a5 45. Qh8+ Kf7 46. Qd8 a4 47. Qe7+ Kg6 48. Qa3 Bc5 49. Qf3 a3 50. Qf5+ Kf7 51. Kh2 a2 52. Qh5+ Kf8 53. Qd1 Bd4 54. Nb4 a1Q 55. Qg4 Bxf2 56. Nxc6 Qg1+ 57. Kh3 Qh1# 0-1

[Event "DSOL 05 Liga Gr-A 1st"]
[Site "Playchess.com INT"]
[Date "2020.06.24"]
[Round "1.2"]
[White "Melgarejo, Carlos"]
[Black "Szech, Sebastian"]
[Result "0-1"]
[WhiteElo "1737"]
[BlackElo "1757"]
[PlyCount "96"]
[EventDate "2020.06.22"]
[EventType "team-tourn (rapid)"]
[EventCountry "GER"]
[SourceTitle "EXT 2021"]
[Source "ChessBase"]
[SourceDate "2020.10.23"]
[SourceVersion "1"]
[SourceVersionDate "2020.10.23"]
[SourceQuality "1"]
[WhiteTeam "Knappen Wittekinds"]
[BlackTeam "Hamburg Lurup"]
[WhiteTeamCountry "GER"]
[BlackTeamCountry "GER"]

1. e4 e5 2. Nf3 Nf6 3. Nxe5 d6 4. Nf3 Nxe4 5. d4 d5 6. Bd3 Bd6 7. 0-0 0-0 8. Re1 Re8 9. h3 Bf5 10. c3 h6 11. Qb3 b6 12. Qc2 Nd7 13. Nbd2 Ndf6 14. Nh4 Bh7 15. Nhf3 c5 16. c4 Nxd2 17. Bxh7+ Nxh7 18. Bxd2 dxc4 19. Qxc4 Qd7 20. dxc5 Bxc5 21. Rad1 Rxe1+ 22. Rxe1 Nf6 23. Bc3 Rc8 24. Qf4 Nd5 25. Ne5 Re8 26. Nxd7 Rxe1+ 27. Bxe1 Nxf4 28. Nxc5 bxc5 29. Kf1 a6 30. Bd2 Nd3 31. Bc3 f5 32. a3 Kf7 33. Ke2 c4 34. Ke3 g5 35. f3 Ke6 36. a4 Kd5 37. h4 gxh4 38. a5 f4+ 39. Ke2 Kc5 40. Kf1 Kb5 41. Kg1 Ka4 42. Kf1 Kb3 43. Ke2 Nxb2 44. Kd2 Na4 45. Be5 c3+ 46. Kc1 Nc5 47. Kd1 c2+ 48. Kd2 Nd3 0-1